000 00774nam a2200217Ia 4500
003 GCL
008 140319s9999 xx 000 0 ara d
040 _aGCL /
_cGCL
082 0 4 _a810.8
_bب ا
100 1 _aالبستانى: بطرس بن بولس بن عبد الله
245 1 0 _aادباء العرب /
_cالبستانى: بطرس بن بولس بن عبد الله
260 _a[S.N] :
_bدار نظير عبود ،
_c1988
300 _aمتعدد
490 _a
650 0 4 _aالادب العربى
650 0 4 _aالادب
650 0 4 _aالادب العربى - العصر الجاهلى
650 0 4 _aالادب العربى - الاندلس
650 0 4 _aالادب العربى - تاريخ ونقد - العصر العباسى
942 _2ddc
_cBK
999 _c50237
_d50237